LIBRARY & INFORMATION CENTRE, KCAET, TAVANUR

ONLINE PUBLIC ACCESS CATALOGUE (OPAC)

Practical chemistry / (Record no. 9562)

MARC details
000 -LEADER
fixed length control field 00452cam a2200193ua 4500
041 ## - LANGUAGE CODE
Language code of text/sound track or separate title eng
082 ## - DEWEY DECIMAL CLASSIFICATION NUMBER
Classification number 542
Item number SHU/PR
100 ## - MAIN ENTRY--AUTHOR NAME
Personal name Shukla, S N .
245 ## - TITLE STATEMENT
Title Practical chemistry /
250 ## - EDITION STATEMENT
Edition statement 4 /
260 ## - PUBLICATION, DISTRIBUTION, ETC. (IMPRINT)
Place of publication New Delhi :
Name of publisher S.Chand & Sons ,
Year of publication 1965.
300 ## - PHYSICAL DESCRIPTION
Number of Pages 298 ; .
700 1# - ADDED ENTRY--PERSONAL NAME
Personal name Mohan , Singh .
942 ## - ADDED ENTRY ELEMENTS (KOHA)
Koha item type Books
Holdings
Withdrawn status Lost status Damaged status Home library Current library Date acquired Cost, normal purchase price Full call number Accession Number Koha item type
Withdrawn     KAUAET KAUAET 07/04/2012 5.50 542 SHU/PR 7522 Books
free website counter